000 00653nam a2200229Ia 4500
003 OSt
005 20220926012845.0
006 a|||||r|||| 00| 0
007 ta
008 220923b |||||||| |||| 00| 0 eng d
037 _cGeneral Book
040 _aRTL
_cRTL
_beng
041 _2eng
_aeng
082 _aY33z7, F6
100 _aBurgess Ernest W Ed.
_9136171
245 0 _aUrban community
_b Selected papers from the proceedi
260 _aNew York
_bGreenwood Press
_c1926
300 _a268p
_ccm.
650 _aUrban Sociology
_934088
942 _hY33z7, F6
_cGB
_2CC
999 _c624512
_d624512